000 00905nam a22002177a 4500
005 20240530110919.0
008 220221s2010 ua a g b 000 0 ara d
017 _a2009/5/1790
040 _aEG-CaGPL
_cEG-CaGPL
082 0 4 _221
_a332 /
_bم أ
100 0 _aمحمد عبدالوهاب العزاوى
245 1 2 _aالازمات المالية :
_bقديمها وحديثقا - اسبابها ونتائجها والدروس المستفادة /
_cمحمد عبدالوهاب العزاوى ، عبدالسلام محمد خميس
250 _aط.
260 _aعمان :
_bدار اثراء للنشر والتوزيع،
_c2010
300 _a252 ص؛
_c24 سم
650 0 7 _aالازمة المالية العالمية
_2qrmak
651 _2qrmak
700 0 _aعبدالسلام محمد خميس
_eمؤلف مشارك
942 _2ddc
_cBK
999 _c66451
_d66451